Flugziele vom Flughafen Hamburg (HAM) - Statistiken

Allgemein
  • Dieses Quiz wurde 244 mal gespielt
  • Das Durchschnittsergebnis liegt bei 61 aus 114
Antwortstatistiken
Land Airlines Flugziel % Korrekt
Frankreich Air France,Eurowings Paris / CDG
94%
Deutschland Eurowings,Lufthansa München / MUC
93%
Belgien Brussels Airlines Brüssel / BRU
89%
Spanien Iberia Madrid / MAD
89%
Österreich Austrian Airlines,Eurowings Wien / VIE
89%
Deutschland Lufthansa Frankfurt / FRA
88%
Irland Aer Lingus,Ryanair Dublin / DUB
87%
Italien Eurowings,Wizz Air Rom / FCO
87%
Niederlande KLM Amsterdam / AMS
86%
Griechenland Aegean Athen / ATH
86%
Spanien Eurowings,Vueling Barcelona / BCN
86%
Polen LOT Warschau / WAW
86%
Dänemark SAS Kopenhagen / CPH
84%
Portugal Eurowings,TAP Lissabon / LIS
84%
Vereinigtes Königreich British Airways,Eurowings London-Heathrow / LHR
84%
Italien ITA Airways Mailand-Linate / LIN
84%
Norwegen Eurowings,Norwegian Oslo / OSL
84%
Finnland Finnair Helsinki / HEL
83%
Vereinigtes Königreich EasyJet London-Gatwick / LGW
83%
Schweden Eurowings,SAS Stockholm / ARN
83%
Türkei Turkish Airlines Istanbul / IST
82%
Vereinigtes Königreich Ryanair London-Stansted / STN
82%
Deutschland Eurowings Köln-Bonn / CGN
81%
Luxemburg Luxair Luxemburg / LUX
81%
Schweiz Eurowings,Swiss Zürich / ZRH
80%
Spanien Condor,Eurowings,
Ryanair
Palma de Mallorca / PMI
79%
Portugal Eurowings,Ryanair Porto / OPO
79%
Deutschland Eurowings Stuttgart / STR
79%
Deutschland Eurowings Düsseldorf / DUS
78%
Bulgarien Wizz Air Sofia / SOF
77%
Österreich Eurowings Salzburg / SZG
76%
Vereinigtes Königreich EasyJet,Eurowings Manchester / MAN
74%
Italien Ryanair Mailand-Bergamo / BGY
72%
Italien Eurowings Mailand-Malpensa / MXP
72%
Albanien Wizz Air Tirana / TIA
72%
Ungarn Eurowings Budapest / BUD
71%
Lettland Air Baltic Riga / RIX
71%
Rumänien Wizz Air Bukarest / OTP
70%
Vereinigte Arabische Emirate Emirates Dubai / DXB
70%
Tunesien Eurowings,Nouvelair Tunis / TUN
70%
Türkei Condor,Corendon Airlines, Freebird Airlines, Pegasus Airlines, SunExpress Antalya / AYT
68%
Türkei Pegasus Airlines,SunExpress Ankara / ESB
67%
Österreich Austrian Airlines Innsbruck / INN
67%
Island Eurowings,Icelandair, Play Reykjavik / KEF
67%
Katar Qatar Airways Doha / DOH
66%
Frankreich Volotea Lyon / LYS
66%
Italien Eurowings Neapel / NAP
64%
Italien Eurowings Venedig / VCE
64%
Schweiz EasyJet Basel / BSL (EAP)
63%
Frankreich Eurowings Nizza / NCE
63%
Litauen Air Baltic Vilnius / VNO
63%
Ägypten Air Cairo,Condor, Corendon Airlines, Eurowings, Marabu Hurghada / HRG
61%
Schweiz Swiss Genf / GVA
60%
Spanien Eurowings,Ryanair Valencia / VLC
60%
Iran Iran Air Teheran / IKA
58%
Norwegen Wideroe Bergen / BGO
57%
Spanien Eurowings Ibiza / IBZ
57%
Kroatien Eurowings Split / SPU
57%
Griechenland Condor,Eurowings, Marabu Rhodos / RHO
55%
Österreich Eurowings Graz / GRZ
53%
Spanien Condor,Eurowings, Marabu, Ryanair Malaga / AGP
53%
Polen Ryanair,Wizz Air Danzig / GDN
52%
Deutschland Sylt Air Westerland / GWT
52%
Nordmazedonien Wizz Air Skopje / SKP
51%
Frankreich Volotea Bordeaux / BOD
49%
Schweden Eurowings Göteborg / GOT
49%
Malta Eurowings Malta / MLA
49%
Spanien Condor,Eurowings, Marabu Teneriffa / TFS
49%
Portugal Condor,Eurowings Funchal / FNC
48%
Spanien Condor,Eurowings, Marabu Gran Canaria / LPA
48%
Griechenland Aegean,Eurowings Thessaloniki / SKG
48%
Vereinigtes Königreich Ryanair Edinburgh / EDI
47%
Türkei SunExpress Izmir / ADB
47%
Spanien Eurowings,Vueling Bilbao / BIO
46%
Moldawien Hi Sky Chisinau / RMO
46%
Griechenland Condor,Eurowings Heraklion / HER
46%
Portugal Eurowings,Marabu Faro / FAO
44%
Kosovo Eurowings Pristina / PRN
43%
Spanien Eurowings,Ryanair Alicante / ALC
41%
Kroatien Eurowings Dubrovnik / DBV
41%
Spanien Condor,Eurowings, Marabu Fuerteventura / FUE
39%
Italien Volotea Florenz / FLR
37%
Bulgarien Eurowings,Wizz Air Varna / VAR
36%
Italien Eurowings Bari / BRI
34%
Spanien Condor,Eurowings Lanzarote / ACE
30%
Serbien Air Serbia,Wizz Air Belgrad / BEG
29%
Italien Eurowings,Wizz Air Catania / CTA
29%
Türkei Pegasus Airlines,Turkish Airlines Istanbul / SAW
28%
Frankreich Volotea Nantes / NTE
28%
Deutschland DAT Saarbrücken / SCN
26%
Kroatien Eurowings,Ryanair Zadar / ZAD
26%
Griechenland Condor,Eurowings, Marabu Korfu / CFU
25%
Marokko Condor Agadir / AGA
24%
Italien Eurowings Cagliari / CAG
24%
Bulgarien Eurowings Burgas / BOJ
22%
Italien Eurowings Verona / VRN
21%
Italien Sky Alps Bozen / BZO
20%
Tunesien Nouvelair Djerba / DJE
19%
Zypern Eurowings Larnaca / LCA
19%
Irak Eurowings Erbil / EBL
18%
Griechenland Condor Santorini / JTR
18%
Italien Eurowings Olbia / OLB
17%
Türkei Eurowings,SunExpress Adana / ADA
16%
Griechenland Eurowings,Marabu Chania / CHQ
15%
Spanien Eurowings,Marabu Jerez de la Frontera / XRY
14%
Kroatien Eurowings Rijeka / RJK
14%
Griechenland Eurowings,Marabu Zakynthos / ZTH
14%
Tunesien Tunisair Monastir / MIR
12%
Spanien Condor,Eurowings La Palma / SPC
11%
Türkei SunExpress Dalaman / DLM
9%
Georgien Wizz Air Kutaissi / KUT
6%
Griechenland Condor Samos / SMI
6%
Marokko Eurowings Nador / NDR
4%
Griechenland Condor Preveza / PVK
3%
Keine übereinstimmenden Quizze gefunden
Verteilung der Resultate
Anzahl Personen mit jedem Resultat
Perzentil nach korrekt beantworteten Fragen
Ihre Resultats-Entwicklung
Sie haben dieses Quiz noch nicht gespielt